Communication: (Record no. 14758)

000 -LEADER
fixed length control field 00720nam a2200217 a 4500
001 - CONTROL NUMBER
control field :::00012592$&:&@@
003 - CONTROL NUMBER IDENTIFIER
control field OkBaRHE
005 - DATE AND TIME OF LATEST TRANSACTION
control field 20000607103420.0
008 - FIXED-LENGTH DATA ELEMENTS--GENERAL INFORMATION
fixed length control field s1978 j 000 0 eng u
040 ## - CATALOGING SOURCE
Transcribing agency
100 1# - MAIN ENTRY--PERSONAL NAME
Personal name Wright, Norman and Johnson, Rex.
245 10 - TITLE STATEMENT
Title Communication:
Remainder of title key to your teens.
260 ## - PUBLICATION, DISTRIBUTION, ETC. (IMPRINT)
Place of publication, distribution, etc Eugene, OR., :
Name of publisher, distributor, etc Harvest House
Date of publication, distribution, etc c1978
300 ## - PHYSICAL DESCRIPTION
Extent 157 p. ;
Dimensions 21 cm.
650 ## - SUBJECT ADDED ENTRY--TOPICAL TERM
Topical term or geographic name as entry element Adolescence
650 ## - SUBJECT ADDED ENTRY--TOPICAL TERM
Topical term or geographic name as entry element Parenting
700 ## - ADDED ENTRY--PERSONAL NAME
Personal name Johnson, Rex, Joint author.
942 ## - ADDED ENTRY ELEMENTS (KOHA)
Source of classification or shelving scheme
Koha item type Books
Copies
Price effective from Koha item type Barcode Full call number Date last seen Not for loan Date acquired Permanent Location Shelving location Lost status Copy number Damaged status Withdrawn status Source of classification or shelving scheme
2010-04-14Books12592HQ 793 .W732010-04-14 2010-04-14RHEMA Bible Training CollegeGeneral Stacks 1   
2010-04-14Books19633HQ 793 .W732010-04-14 2010-04-14RHEMA Bible Training CollegeGeneral Stacks 2